000 00490nam a2200181Ia 4500
001 1712
005 20260306143748.0
008 260306t2015||||xx |||||||||||||| ||spa||
041 _aESP
082 _a155.2
_bF41
100 _aFernández Liporace, María Mercedes
_eAUT
245 0 _aEvaluación de la personalidad normal y sus trastornos:
_bteoría e instrumentos
260 _c2015
300 _a168 páginas :
_c22 cm.
650 _aGEN
654 _aCPS
942 _cLIB
_dJUS
_fJUS
_2ddc
_n
999 _c1712
_d1712